[Event "European Youth Chess Championship B10"]
[Site "Prague, Top Hotel Prague"]
[Date "2016.08.18"]
[Round "1.16"]
[White "Krupa, Miroslav"]
[Black "Korsinskij, Nikolas"]
[Result "0-1"]
[WhiteElo "1808"]
[BlackElo "1442"]
[PlyCount "70"]
[EventDate "2016.08.18"]

1. e4 c5 2. Nf3 e6 3. d4 cxd4 4. Nxd4 a6 5. Be3 Qc7 6. a3 Nf6 7. Nc3 Nc6 8. Be2
Be7 9. O-O O-O 10. Qd2 d5 11. exd5 exd5 12. Rfe1 Bd6 13. h3 Be6 14. Bf3 Rad8
15. Bg5 Be5 16. Nxc6 bxc6 17. Qe2 Bh2+ 18. Kh1 Rfe8 19. Bxf6 gxf6 20. g3 Bxg3
21. fxg3 Bxh3 22. Qh2 Bf5 23. Qf2 Kh8 24. Bh5 Re5 25. g4 Rg8 26. Rxe5 Qxe5 27.
Qxf5 Qe3 28. Qxf6+ Rg7 29. Qf1 Qg3 30. Qg2 Qb8 31. Rf1 Qxb2 32. Qd2 Qb6 33. Qf4
Qd8 34. Qh2 d4 35. Ne4 Qd5 {time} 0-1

[Event "European Youth Chess Championship B10"]
[Site "Prague, Top Hotel Prague"]
[Date "2016.08.18"]
[Round "1.17"]
[White "Fatalizade, Murad"]
[Black "Mitusov, Semen"]
[Result "0-1"]
[WhiteElo "1440"]
[BlackElo "1783"]
[PlyCount "110"]
[EventDate "2016.08.18"]

1. d4 d5 2. Nf3 Nf6 3. Bf4 Bf5 4. e3 e6 5. Be2 c5 6. O-O Nc6 7. c3 Bd6 8. Bxd6
Qxd6 9. dxc5 Qxc5 10. Nd4 Bg6 11. Nd2 O-O 12. Re1 e5 13. N4f3 Rfe8 14. Nb3 Qb6
15. Nh4 Be4 16. Bf3 Rad8 17. Bxe4 Nxe4 18. Qc2 a5 19. Rad1 g6 20. Nf3 a4 21.
Nbd2 Nc5 22. Nb1 e4 23. Nfd2 Nd3 24. Re2 Nxb2 25. Rf1 Nd3 26. Qxa4 Ra8 27. Qb3
Qa6 28. c4 Na5 29. Qb5 dxc4 30. Qxa6 Rxa6 31. Nc3 f5 32. Rb1 Ree6 33. f3 exf3
34. Nxf3 Rab6 35. Rd1 Nc6 36. Nd2 Nb2 37. Rb1 Ne7 38. Nf3 Na4 39. Rxb6 Nxb6 40.
Nd4 Re5 41. Kf2 Nbd5 42. Na4 Nb4 43. a3 Nd3+ 44. Kf3 Nd5 45. h3 Re4 46. Nb5 Nc1
47. Re1 Nd3 48. Re2 Ne5+ 49. Kf2 Nd3+ 50. Kf3 Re6 51. Nac3 Nxc3 52. Nxc3 Rb6
53. Ra2 Rb3 54. Nd5 c3 55. Ke2 Nc1+ 0-1

[Event "European Youth Chess Championship B10"]
[Site "Prague, Top Hotel Prague"]
[Date "2016.08.18"]
[Round "1.18"]
[White "Anghel, Iulian-Mihai"]
[Black "Stefanou, Dimitrios"]
[Result "0-1"]
[WhiteElo "1777"]
[BlackElo "1439"]
[PlyCount "46"]
[EventDate "2016.08.18"]

1. e4 e5 2. Nf3 Nc6 3. d4 exd4 4. Nxd4 Nf6 5. Nxc6 bxc6 6. e5 Qe7 7. Qe2 Nd5 8.
c4 Ba6 9. b3 g6 10. Bb2 Bg7 11. g3 O-O 12. Bg2 Rae8 13. f4 f6 14. O-O fxe5 15.
Qd2 exf4 16. Bxd5+ cxd5 17. Qxd5+ Kh8 18. Bxg7+ Qxg7 19. Nd2 Re5 20. Qd4 Bb7
21. gxf4 Rg5+ 22. fxg5 Qxd4+ 23. Rf2 Qxf2# 0-1

[Event "European Youth Chess Championship B10"]
[Site "Prague, Top Hotel Prague"]
[Date "2016.08.18"]
[Round "1.20"]
[White "Levin, Guy"]
[Black "Kienboeck, Benjamin"]
[Result "1/2-1/2"]
[WhiteElo "1774"]
[BlackElo "1434"]
[PlyCount "35"]
[EventDate "2016.08.18"]

1. e4 e5 2. Nf3 Nc6 3. d4 exd4 4. Nxd4 Bc5 5. Nb3 Bb6 6. Be2 Nf6 7. Nc3 O-O 8.
O-O h6 9. Bf4 Re8 10. Bd3 d6 11. Re1 Ng4 12. Bg3 Nge5 13. Nd5 Bg4 14. Qd2 Qd7
15. a4 Nxd3 16. Qxd3 Na5 17. Nxa5 Bxa5 18. b4 {scoresheet un-readable} 1/2-1/2

[Event "European Youth Chess Championship B10"]
[Site "Prague, Top Hotel Prague"]
[Date "2016.08.18"]
[Round "1.21"]
[White "Bogusz, Alan"]
[Black "Piccinno, Matteo"]
[Result "0-1"]
[WhiteElo "1428"]
[BlackElo "1772"]
[PlyCount "39"]
[EventDate "2016.08.18"]

1. d4 Nf6 2. c4 e6 3. Nf3 Bb4+ 4. Nc3 b6 5. Bg5 Bb7 6. e3 h6 7. Bh4 g5 8. Bg3
Ne4 9. Qc2 f5 10. Bd3 O-O 11. h3 Nxg3 12. fxg3 Bd6 13. Ne2 Qf6 14. O-O-O c5 15.
g4 Nc6 16. dxc5 Bxc5 17. Nfd4 Nb4 18. Qb3 d5 19. Kb1 Nxd3 20. Rxd3 {Scoresheet
un-readable} 0-1

[Event "European Youth Chess Championship B10"]
[Site "Prague, Top Hotel Prague"]
[Date "2016.08.18"]
[Round "1.22"]
[White "Revaliente, Montoya Ciro"]
[Black "Goncharenko, Oleksii"]
[Result "1-0"]
[WhiteElo "1768"]
[BlackElo "1418"]
[PlyCount "65"]
[EventDate "2016.08.18"]

1. e4 c6 2. d4 d5 3. e5 Bf5 4. h4 Qb6 5. g4 Bd7 6. c4 e6 7. Nc3 Bb4 8. f4 h5 9.
gxh5 Ne7 10. c5 Qc7 11. Bd3 b6 12. cxb6 axb6 13. Qg4 Rf8 14. Nf3 Nf5 15. Rg1
Rg8 16. Ng5 c5 17. Nh7 Ke7 18. Qg5+ Ke8 19. Nf6+ Kf8 20. Nxg8 Nxd4 21. Qxg7+
Ke8 22. Nf6+ Ke7 23. Bg6 Be8 24. Nxe8 Kxe8 25. Qg8+ Kd7 26. Qxf7+ Kc8 27. Qxc7+
Kxc7 28. Kf2 Bxc3 29. bxc3 Nb3 30. Rb1 Rxa2+ 31. Kf3 Na5 32. h6 Nbc6 33. h7 1-0

[Event "European Youth Chess Championship B10"]
[Site "Prague, Top Hotel Prague"]
[Date "2016.08.18"]
[Round "1.23"]
[White "Damjanovic, Vuk"]
[Black "Tyurin, Artem"]
[Result "0-1"]
[WhiteElo "1412"]
[BlackElo "1766"]
[PlyCount "72"]
[EventDate "2016.08.18"]

1. d4 Nf6 2. c4 g6 3. Nc3 Bg7 4. e4 d6 5. f4 O-O 6. Nf3 c5 7. d5 e6 8. dxe6
fxe6 9. Be2 Nc6 10. O-O a6 11. Kh1 Ne7 12. a3 b6 13. e5 Ne8 14. exd6 Nxd6 15.
Ng5 h6 16. Nge4 Nxe4 17. Nxe4 Nf5 18. Bf3 Bb7 19. Ng5 hxg5 20. Bxb7 Qxd1 21.
Rxd1 Rad8 22. Re1 Nd4 23. Be4 gxf4 24. Bxg6 f3 25. gxf3 Nxf3 26. Rf1 Nh4 27.
Rxf8+ Rxf8 28. Bd3 Rf3 29. Be2 Rf2 30. Bd3 Be5 31. Rb1 Rxh2+ 32. Kg1 Nf3+ 33.
Kf1 Bd4 34. Be3 Bxe3 35. Bh7+ Kxh7 36. Re1 Nd2# 0-1

[Event "European Youth Chess Championship B10"]
[Site "Prague, Top Hotel Prague"]
[Date "2016.08.18"]
[Round "1.24"]
[White "Georgiev, Konstantin"]
[Black "Yudin, Yakov"]
[Result "1-0"]
[WhiteElo "1760"]
[BlackElo "1407"]
[PlyCount "50"]
[EventDate "2016.08.18"]

1. e4 c5 2. Nf3 d6 3. d4 cxd4 4. Nxd4 Nf6 5. Nc3 a6 6. Bg5 e6 7. f4 Nbd7 8. Qf3
Qc7 9. O-O-O Be7 10. g4 h6 11. Bxf6 Bxf6 12. Bg2 g5 13. Rhf1 gxf4 14. Kb1 Bxd4
15. Rxd4 e5 16. Nd5 Qd8 17. Rc4 Nc5 18. Qc3 Bxg4 19. Rxc5 dxc5 20. Qxe5+ Kd7
21. Nf6+ Kc6 22. Nxg4 Rg8 23. Bf3 Qg5 24. Qc3 Kc7 25. Qb3 b6 {scoresheet
un-readable} 1-0

[Event "European Youth Chess Championship B10"]
[Site "Prague, Top Hotel Prague"]
[Date "2016.08.18"]
[Round "1.25"]
[White "Weissenhofer, Jonas"]
[Black "Hrbek, Stepan"]
[Result "0-1"]
[WhiteElo "1402"]
[BlackElo "1760"]
[PlyCount "108"]
[EventDate "2016.08.18"]

1. e4 c5 2. d4 cxd4 3. c3 Nf6 4. Bd3 dxc3 5. Nxc3 Nc6 6. Nf3 d5 7. exd5 Nxd5 8.
Be4 Nxc3 9. Bxc6+ bxc6 10. Qxd8+ Kxd8 11. bxc3 f6 12. Be3 e5 13. Rd1+ Kc7 14.
Kd2 Ba3 15. Kc2 Be6 16. Nd2 Rhd8 17. f4 Rab8 18. Nb3 Bf5+ 19. Rd3 Bxd3+ 20. Kd2
Bc4+ 21. Kc2 Bxb3+ 22. axb3 exf4 23. Bxf4+ Bd6 24. Bxd6+ Rxd6 25. Rb1 Rbd8 26.
b4 Rd2+ 27. Kb3 Rxg2 28. Ra1 Kb7 29. Rh1 Rdd2 30. h4 f5 31. Kc4 f4 32. Rf1 Rgf2
33. Rg1 g6 34. Rg4 Rd7 35. Kb3 Rf7 36. Rg1 Re2 37. Rf1 f3 38. Kc4 f2 39. Kb3
Re1 40. Rxf2 Rxf2 41. Kc4 Rc1 42. Kb3 Rf3 43. Kc4 Rfxc3+ 44. Kd4 Rc4+ 45. Ke5
Rxb4 46. Kf6 h5 47. Kg7 g5 48. hxg5 Rg4 49. Kh6 Rcg1 50. Kg6 Rf1 51. Kg7 Rxg5+
52. Kh6 Rg2 53. Kh7 Rf6 54. Kh8 Rh6# 0-1

[Event "European Youth Chess Championship B10"]
[Site "Prague, Top Hotel Prague"]
[Date "2016.08.18"]
[Round "1.26"]
[White "Spizharny, Mikhail"]
[Black "Sahinoz, Giulio O"]
[Result "1-0"]
[WhiteElo "1754"]
[BlackElo "1385"]
[PlyCount "107"]
[EventDate "2016.08.18"]

1. e4 c5 2. Nf3 d6 3. d4 cxd4 4. Nxd4 Nf6 5. Nc3 a6 6. g3 e5 7. Nde2 Be7 8. Bg2
Be6 9. O-O O-O 10. h3 Nbd7 11. Kh2 Rc8 12. a4 Qc7 13. a5 Rfd8 14. g4 h6 15. Ng3
Nc5 16. Be3 Ne8 17. Nf5 Bxf5 18. Nd5 Bxg4 19. f3 Qd7 20. fxg4 Qe6 21. Qf3 Nf6
22. g5 hxg5 23. Bxg5 Ncd7 24. Kh1 Nc5 25. b4 Ncxe4 26. Nxe7+ Qxe7 27. Qxe4 Nxe4
28. Bxe7 Ng3+ 29. Kg1 Rd7 30. Rf3 Ne2+ 31. Kf1 Rxe7 32. Kxe2 Rxc2+ 33. Kf1 Rb2
34. Rd3 Rd7 35. Rad1 Rxb4 36. Rxd6 Rxd6 37. Rxd6 Rb1+ 38. Kf2 Rb2+ 39. Kg3 Rb5
40. Rd5 Rb3+ 41. Kg4 f6 42. Kf5 Rb2 43. Rd8+ Kh7 44. Be4 Rb5 45. h4 Rb4 46. h5
Ra4 47. Rb8 Rb4 48. Rxb7 Ra4 49. Rb8 Rxa5 50. Kg4+ g6 51. hxg6+ Kg7 52. Rb7+
Kg8 53. Rf7 Rc5 54. Rxf6 1-0

[Event "European Youth Chess Championship B10"]
[Site "Prague, Top Hotel Prague"]
[Date "2016.08.18"]
[Round "1.27"]
[White "Sustek, Adam"]
[Black "Davtyan, Arsen"]
[Result "0-1"]
[WhiteElo "1368"]
[BlackElo "1752"]
[PlyCount "30"]
[EventDate "2016.08.18"]

1. e4 c5 2. Nf3 e6 3. d4 cxd4 4. Nxd4 Nc6 5. Nxc6 bxc6 6. b3 Nf6 7. Bd3 Be7 8.
Bb2 d5 9. exd5 cxd5 10. Nd2 O-O 11. O-O Bb7 12. Qf3 Ne4 13. Qe2 Rc8 14. Rfd1
Qa5 15. c4 Nc5 0-1

[Event "European Youth Chess Championship B10"]
[Site "Prague, Top Hotel Prague"]
[Date "2016.08.18"]
[Round "1.28"]
[White "Hak, David"]
[Black "Fava, Achille"]
[Result "1-0"]
[WhiteElo "1747"]
[BlackElo "1364"]
[PlyCount "25"]
[EventDate "2016.08.18"]

1. e4 e5 2. f4 exf4 3. Nf3 d5 4. exd5 Qxd5 5. d4 Bd6 6. Nc3 Qh5 7. Bc4 Bg4 8.
O-O Nf6 9. Re1+ Be7 10. Qe2 O-O 11. Qxe7 Bxf3 12. gxf3 Qxf3 13. Qe2 1-0

[Event "European Youth Chess Championship B10"]
[Site "Prague, Top Hotel Prague"]
[Date "2016.08.18"]
[Round "1.29"]
[White "Juchelka, Marek"]
[Black "Stalmach, Richard"]
[Result "0-1"]
[WhiteElo "1362"]
[BlackElo "1735"]
[PlyCount "68"]
[EventDate "2016.08.18"]

1. e4 e6 2. d4 d5 3. Nc3 Nf6 4. exd5 Nxd5 5. Nxd5 exd5 6. Bd3 c5 7. Ne2 c4 8.
Bxc4 dxc4 9. Bf4 Bd6 10. Qd2 O-O 11. O-O-O Nc6 12. h3 Re8 13. Nc3 a6 14. d5 Ne5
15. Ne4 c3 16. Qxc3 Nd3+ 17. Qxd3 Bxf4+ 18. Kb1 Bf5 19. f3 Rc8 20. d6 Rc6 21.
d7 Re7 22. g4 Rxd7 23. Qe2 Bxe4 24. Rxd7 Bxc2+ 25. Qxc2 Qxd7 26. Qe4 g5 27. h4
Qd2 28. Qe1 Rc1+ 29. Qxc1 Qxc1+ 30. Rxc1 Bxc1 31. Kxc1 gxh4 32. Kc2 h3 33. Kc3
h2 34. b4 h1=Q 0-1

[Event "European Youth Chess Championship B10"]
[Site "Prague, Top Hotel Prague"]
[Date "2016.08.18"]
[Round "1.30"]
[White "Dobre, Radu-Fabian"]
[Black "Foughali, Younes"]
[Result "1-0"]
[WhiteElo "1718"]
[BlackElo "1359"]
[PlyCount "51"]
[EventDate "2016.08.18"]

1. e4 c5 2. Nf3 e6 3. c3 d5 4. exd5 Qxd5 5. d4 Nf6 6. Be3 cxd4 7. cxd4 Nc6 8.
Nc3 Qd8 9. Bd3 Be7 10. O-O O-O 11. Re1 a6 12. a3 Qd7 13. Bc2 Bd6 14. Qd3 h6 15.
Rad1 Rd8 16. d5 exd5 17. Nxd5 Bxh2+ 18. Nxh2 Qxd5 19. Qc3 Qe6 20. Rxd8+ Nxd8
21. Bd4 Qd6 22. Bxf6 gxf6 23. Rd1 Qf8 24. Qd3 Bf5 25. Qxf5 Qg7 26. Ng4 1-0

[Event "European Youth Chess Championship B10"]
[Site "Prague, Top Hotel Prague"]
[Date "2016.08.18"]
[Round "1.31"]
[White "Stefanou, Konstantinos"]
[Black "Lystsov, Leonid"]
[Result "0-1"]
[WhiteElo "1357"]
[BlackElo "1705"]
[PlyCount "66"]
[EventDate "2016.08.18"]

1. d4 Nf6 2. Nf3 g6 3. Bg5 Bg7 4. e3 O-O 5. Be2 c5 6. c3 d6 7. O-O cxd4 8. exd4
Bf5 9. Nbd2 Nc6 10. a4 h6 11. Bh4 a6 12. b4 Nd5 13. Qb3 Nf4 14. Bc4 d5 15. Rfe1
dxc4 16. Nxc4 Be6 17. Bg3 Nd3 18. Rxe6 fxe6 19. Rd1 Nf4 20. b5 Ne2+ 21. Kh1
Nxg3+ 22. fxg3 axb5 23. axb5 Nb8 24. Nce5 Rf6 25. d5 Qb6 26. Qc4 exd5 27. Qxd5+
Kh7 28. Qe4 Re6 29. Qd5 Rd6 30. Qb3 Rxd1+ 31. Qxd1 Bxe5 32. Nxe5 Qd6 33. Nd3
Qxd3 0-1

[Event "European Youth Chess Championship B10"]
[Site "Prague, Top Hotel Prague"]
[Date "2016.08.18"]
[Round "1.32"]
[White "Lazavik, Denis"]
[Black "Sultanahmedov, Bulat"]
[Result "1-0"]
[WhiteElo "1704"]
[BlackElo "1356"]
[PlyCount "72"]
[EventDate "2016.08.18"]

1. d4 d5 2. c4 e6 3. Nc3 Nf6 4. cxd5 exd5 5. Bg5 Be7 6. e3 O-O 7. Bd3 b6 8.
Bxf6 Bxf6 9. Qh5 g6 10. Qxd5 c6 11. Qxd8 Rxd8 12. Nf3 Bb7 13. Ke2 Nd7 14. Ne4
Be7 15. Rac1 Rac8 16. Rhd1 c5 17. dxc5 Nxc5 18. Nxc5 Bxc5 19. a3 Kf8 20. b4
Bxf3+ 21. gxf3 Be7 22. Ba6 Rxc1 23. Rxc1 h6 24. Rc7 Ra8 25. f4 Bd8 26. Rd7 Ke8
27. Bb5 Kf8 28. Bc6 Rc8 29. b5 a5 30. bxa6 Rxc6 31. Rxd8+ Ke7 32. a7 Kxd8 33.
a8=Q+ Rc8 34. Qb7 Rc2+ 35. Kf3 g5 36. Qxb6+ Ke8 1-0

[Event "European Youth Chess Championship B10"]
[Site "Prague, Top Hotel Prague"]
[Date "2016.08.18"]
[Round "1.33"]
[White "Krasevec, Jan"]
[Black "Rozen, Eytan"]
[Result "0-1"]
[WhiteElo "1336"]
[BlackElo "1702"]
[PlyCount "79"]
[EventDate "2016.08.18"]

1. c4 e6 2. Nc3 Nf6 3. g3 d5 4. cxd5 exd5 5. Nf3 Be7 6. e3 Bf5 7. d4 Nbd7 8.
Bg2 c6 9. O-O O-O 10. Re1 Nb6 11. b3 Bb4 12. Bd2 Re8 13. Ne2 Bxd2 14. Qxd2 Ne4
15. Qd1 Qe7 16. Nd2 Nxf2 17. Kxf2 Qxe3+ 18. Kf1 Bg4 19. Nf4 Bxd1 20. Rxe3 Rxe3
21. Rxd1 Rae8 22. Nf3 Nd7 23. Re1 Rxe1+ 24. Nxe1 Nf6 25. Bh3 Ne4 26. Bd7 Nd2+
27. Kf2 Re7 28. Bg4 Re4 29. Nc2 Kf8 30. Bf5 Re8 31. Bxh7 g6 32. Bxg6 fxg6 33.
Nxg6+ Kg7 34. Ne5 c5 35. Nd3 Ne4+ 36. Kg2 Nc3 37. Kf1 Re2 38. Nce1 cxd4 39. Nf4
Rxa2 40. h3 0-1

[Event "European Youth Chess Championship B10"]
[Site "Prague, Top Hotel Prague"]
[Date "2016.08.18"]
[Round "1.34"]
[White "Piliposyan, Robert"]
[Black "Scurtu, Alexandr"]
[Result "1-0"]
[WhiteElo "1701"]
[BlackElo "1335"]
[PlyCount "45"]
[EventDate "2016.08.18"]

1. d4 Nf6 2. c4 e6 3. g3 Bb4+ 4. Bd2 Qe7 5. Bg2 d5 6. Nf3 O-O 7. O-O b6 8. Ne5
Bxd2 9. Nxd2 Bb7 10. Rc1 c6 11. Qa4 Qd6 12. Ndf3 Nfd7 13. Rfd1 f6 14. Nxd7 Nxd7
15. Qc2 Rac8 16. e4 c5 17. exd5 exd5 18. dxc5 Rxc5 19. Qd2 Rfc8 20. b3 Qc7 21.
Nd4 Nf8 22. Nb5 Qb8 23. b4 1-0

[Event "European Youth Chess Championship B10"]
[Site "Prague, Top Hotel Prague"]
[Date "2016.08.18"]
[Round "1.35"]
[White "Tobak, Mikhail"]
[Black "Tham, Nam"]
[Result "1/2-1/2"]
[WhiteElo "1315"]
[BlackElo "1698"]
[PlyCount "112"]
[EventDate "2016.08.18"]

1. Nf3 c5 2. g3 Nc6 3. Bg2 e5 4. e4 g6 5. O-O Bg7 6. d3 Nge7 7. Nc3 O-O 8. a3
d6 9. Rb1 f5 10. exf5 Nxf5 11. b4 Nfd4 12. Nxd4 Nxd4 13. Ne4 Qc7 14. c3 Nf5 15.
Qb3+ Kh8 16. b5 Qe7 17. Bg5 Qe8 18. g4 h6 19. gxf5 gxf5 20. Nxd6 Qd7 21. Nxc8
hxg5 22. Qd5 Qxc8 23. Qxb7 Qxb7 24. Bxb7 Rad8 25. Rfd1 Rd6 26. c4 Rfd8 27. Bd5
g4 28. Kg2 Kh7 29. a4 Kg6 30. a5 Rb8 31. f3 Bh6 32. fxg4 fxg4 33. Kg3 Kh5 34.
Rf1 Bf4+ 35. Kg2 Kh4 36. Rb2 Rh6 37. Rh1 Kg5 38. h3 Rbh8 39. b6 axb6 40. axb6
Rxh3 41. Rxh3 Rxh3 42. Rf2 Rxd3 43. b7 Rb3 44. Ra2 Kh4 45. Ra8 Rb2+ 46. Kf1 e4
47. Bxe4 Kg3 48. Ra3+ Kh4 49. Rc3 g3 50. Rc2 Rb3 51. Kg2 Kg4 52. Re2 Rc3 53.
Bd5 Rb3 54. Re8 Rb2+ 55. Kg1 Rb1+ 56. Kg2 Rb2+ 1/2-1/2

[Event "European Youth Chess Championship B10"]
[Site "Prague, Top Hotel Prague"]
[Date "2016.08.18"]
[Round "1.36"]
[White "Fiszer, Bartosz"]
[Black "Cerny, Michal"]
[Result "1-0"]
[WhiteElo "1690"]
[BlackElo "1309"]
[PlyCount "120"]
[EventDate "2016.08.18"]

1. e4 e5 2. Nf3 Nc6 3. Bb5 a6 4. Ba4 d6 5. h3 Nf6 6. d3 Be7 7. Be3 O-O 8. O-O
Bd7 9. Nc3 Re8 10. a3 b5 11. Bb3 Be6 12. Nd5 Bxd5 13. exd5 Nb8 14. d4 exd4 15.
Nxd4 Nfd7 16. Re1 Bf6 17. Nc6 Nxc6 18. dxc6 Nf8 19. c3 Ng6 20. Qg4 Rf8 21. Rad1
Ne7 22. Qf3 Qc8 23. g4 Ng6 24. Bc2 Kh8 25. Bf5 Qd8 26. Qg3 Bg5 27. Re2 Bxe3 28.
Rxe3 Re8 29. Rde1 Rxe3 30. Qxe3 Ne5 31. f4 Nc4 32. Qe7 Qxe7 33. Rxe7 g6 34. b3
Nxa3 35. Bd3 Ra7 36. b4 Nc4 37. Bxc4 bxc4 38. Re2 Kg7 39. Kf2 Kf6 40. Kf3 a5
41. Ra2 a4 42. Ke3 Ke6 43. Ke4 Ra6 44. Kd4 Rxc6 45. Rxa4 d5 46. Ra5 Rd6 47. f5+
gxf5 48. gxf5+ Kxf5 49. Rxd5+ Rxd5+ 50. Kxd5 Kg5 51. b5 Kh4 52. Kc6 Kxh3 53.
Kxc7 h5 54. b6 h4 55. b7 Kg2 56. b8=Q h3 57. Qb7+ Kg1 58. Kd6 h2 59. Kc5 h1=Q
60. Qxh1+ Kxh1 1-0

[Event "European Youth Chess Championship B10"]
[Site "Prague, Top Hotel Prague"]
[Date "2016.08.18"]
[Round "1.37"]
[White "Davidov, Lazar"]
[Black "Ivanov, Artem"]
[Result "0-1"]
[WhiteElo "1292"]
[BlackElo "1689"]
[PlyCount "88"]
[EventDate "2016.08.18"]

1. d4 Nf6 2. Nf3 g6 3. e3 Bg7 4. c4 d6 5. Nc3 O-O 6. Be2 Nbd7 7. O-O c5 8. b3
cxd4 9. Nxd4 a6 10. Bb2 e5 11. Nf3 Nc5 12. Qd2 Qe7 13. Rad1 Rd8 14. b4 Nce4 15.
Nxe4 Nxe4 16. Qd5 Nf6 17. Qd2 Be6 18. Ng5 Bf5 19. Bd3 e4 20. Be2 h6 21. Bxf6
Bxf6 22. Nh3 Bg5 23. Nxg5 hxg5 24. Qd5 Qe6 25. Qxe6 Bxe6 26. Rd4 f5 27. Rfd1
Rac8 28. Kf1 Rc6 29. a3 Kf7 30. c5 d5 31. g3 Kf6 32. Kg2 Rh8 33. f3 Rc7 34. a4
Ke5 35. f4+ gxf4 36. gxf4+ Kf6 37. Rc1 g5 38. fxg5+ Kxg5 39. b5 Rch7 40. Rh1 f4
41. exf4+ Kxf4 42. b6 Ke3 43. Rb4 Bh3+ 44. Kg1 Rg7+ 0-1

[Event "European Youth Chess Championship B10"]
[Site "Prague, Top Hotel Prague"]
[Date "2016.08.18"]
[Round "1.38"]
[White "Navumenka, Mikhei"]
[Black "Thorisson, Benedikt"]
[Result "1-0"]
[WhiteElo "1681"]
[BlackElo "1265"]
[PlyCount "47"]
[EventDate "2016.08.18"]

1. e4 e5 2. Nf3 Nc6 3. Bc4 Bc5 4. b4 Bxb4 5. c3 Bc5 6. d4 exd4 7. cxd4 Bb4+ 8.
Bd2 Nge7 9. Bxb4 Nxb4 10. Qb3 Nbc6 11. Bxf7+ Kf8 12. Nbd2 d6 13. Bc4 Bg4 14.
O-O Na5 15. Qe3 Nxc4 16. Qf4+ Ke8 17. Nxc4 Bd7 18. e5 Bb5 19. exd6 Ng6 20.
Rfe1+ Kd7 21. Qf5+ Kc6 22. Qc5+ Kd7 23. Nce5+ Ke6 24. Nc6+ 1-0

[Event "European Youth Chess Championship B10"]
[Site "Prague, Top Hotel Prague"]
[Date "2016.08.18"]
[Round "1.39"]
[White "Richter, Rudolf"]
[Black "Wojdak, Jan"]
[Result "0-1"]
[WhiteElo "1262"]
[BlackElo "1681"]
[PlyCount "86"]
[EventDate "2016.08.18"]

1. c4 e6 2. Nc3 d5 3. cxd5 exd5 4. d4 Nf6 5. g3 Be7 6. Bg2 O-O 7. Bf4 Re8 8. e3
c6 9. Nge2 Bf5 10. O-O Nbd7 11. Rc1 Bf8 12. Re1 Nb6 13. b3 Ba3 14. Qd2 Bxc1 15.
Rxc1 Qd7 16. Be5 Ng4 17. Bf4 h6 18. f3 Nf6 19. g4 Bg6 20. Ng3 h5 21. gxh5 Nxh5
22. Nxh5 Bxh5 23. Qf2 Bg6 24. Qh4 Qf5 25. e4 dxe4 26. fxe4 Qd7 27. Rd1 Qd8 28.
Qxd8 Raxd8 29. e5 Nd7 30. Bg5 f6 31. exf6 gxf6 32. Bf4 Nb6 33. Bc7 Rd7 34. Bf4
Red8 35. Be3 Nd5 36. Nxd5 cxd5 37. Bh3 Rc7 38. Bf4 Rc2 39. Rd2 Rxd2 40. Bxd2
Be4 41. Be6+ Kg7 42. h4 Rh8 43. Be1 Re8 0-1

[Event "European Youth Chess Championship B10"]
[Site "Prague, Top Hotel Prague"]
[Date "2016.08.18"]
[Round "1.40"]
[White "Bui, Bao Anh Le"]
[Black "Springis, Jevgenijs"]
[Result "1-0"]
[WhiteElo "1659"]
[BlackElo "1261"]
[PlyCount "63"]
[EventDate "2016.08.18"]

1. e4 e6 2. d4 b6 3. Bf4 Bb7 4. Nd2 Nf6 5. Bd3 d5 6. e5 Nfd7 7. c3 c5 8. Qg4 h5
9. Qg3 g6 10. Bg5 Be7 11. Be3 Rg8 12. h4 Qc7 13. Nh3 Nf8 14. Ng5 f6 15. exf6
Qxg3 16. f7+ Kd7 17. fxg8=Q Qxg2 18. O-O-O Bxg5 19. Bxg5 Qxf2 20. Rdf1 Qg2 21.
Qf7+ Kc6 22. Qxf8 Nd7 23. Qf3 Qxf3 24. Nxf3 Nf8 25. Ne5+ Kd6 26. Rxf8 Rxf8 27.
Be7+ Kxe7 28. Nxg6+ Ke8 29. Nxf8 Kxf8 30. Rg1 c4 31. Be2 Kf7 32. Bxh5+ 1-0

[Event "European Youth Chess Championship B10"]
[Site "Prague, Top Hotel Prague"]
[Date "2016.08.18"]
[Round "1.41"]
[White "Bobkov, Timofey"]
[Black "Laux, Dominik"]
[Result "1/2-1/2"]
[WhiteElo "1243"]
[BlackElo "1659"]
[PlyCount "174"]
[EventDate "2016.08.18"]

1. e4 d5 2. exd5 Qxd5 3. Nc3 Qa5 4. d3 Nf6 5. Bd2 c6 6. Nf3 Bf5 7. Be2 Nbd7 8.
O-O e6 9. Ne4 Qd8 10. Ng3 Bg6 11. Bc3 Be7 12. Qd2 Qc7 13. Nh4 Bd6 14. Nxg6 hxg6
15. Bxf6 Nxf6 16. c4 O-O-O 17. Qe3 Kb8 18. Rab1 Bf4 19. Qc5 Rh7 20. h3 Bxg3 21.
fxg3 Qxg3 22. Rf3 Qd6 23. Qa5 Rh5 24. Qa4 Re5 25. Qc2 Qd4+ 26. Kh1 Re3 27. Rbf1
Rxf3 28. Rxf3 e5 29. b3 Rd7 30. a4 c5 31. Qc1 Rd6 32. Qc2 Rd7 33. Qc1 Re7 34.
Bf1 Kc7 35. Be2 Re6 36. Qc2 Rb6 37. g4 Qd7 38. Qc3 Qe7 39. Re3 Nd7 40. Bf3 Qg5
41. Re1 Qf4 42. Kg2 Qd4 43. Qc2 Nf6 44. g5 Nh5 45. Bxh5 gxh5 46. Rf1 f6 47. Rf5
Rd6 48. gxf6 gxf6 49. Rxh5 Qxd3 50. Rh7+ Kc6 51. Qxd3 Rxd3 52. Rf7 Rxb3 53. h4
Rb4 54. h5 Rxc4 55. Kg3 Rf4 56. h6 Rf5 57. Kg4 Rf1 58. h7 Rh1 59. Kf5 a6 60.
Kg6 b5 61. Kg7 b4 62. Rxf6+ Kb7 63. Rh6 Rg1+ 64. Kf7 b3 65. h8=Q b2 66. Rb6+
Kxb6 67. Qb8+ Ka5 68. Qxb2 Kxa4 69. Qxe5 Kb5 70. Qe3 Ra1 71. Qe2+ Kc6 72. Qe4+
Kb5 73. Qg2 Ra4 74. Ke6 Rd4 75. Qb2+ Kc6 76. Qa3 Kb5 77. Ke5 Kb6 78. Qh3 a5 79.
Qe6+ Kb5 80. Qe8+ Kb6 81. Qb8+ Kc6 82. Qa8+ Kb6 83. Ke6 Rd3 84. Qb8+ Kc6 85.
Qf4 Rd4 86. Qf3+ Kb6 87. Qb3+ Rb4 1/2-1/2

[Event "European Youth Chess Championship B10"]
[Site "Prague, Top Hotel Prague"]
[Date "2016.08.18"]
[Round "1.42"]
[White "Aslanov, Umid"]
[Black "Kanak, Matyas"]
[Result "1-0"]
[WhiteElo "1651"]
[BlackElo "1222"]
[PlyCount "83"]
[EventDate "2016.08.18"]

1. e4 c5 2. Nf3 e6 3. d4 cxd4 4. Nxd4 Nc6 5. Nxc6 bxc6 6. Nc3 Nf6 7. Bd3 Be7 8.
O-O O-O 9. e5 Nd5 10. Nxd5 cxd5 11. Qg4 g6 12. Bh6 Re8 13. Rae1 Bf8 14. Bg5 Qb6
15. b3 Ba6 16. Re3 Rac8 17. Rh3 Bxd3 18. cxd3 Bg7 19. Bf6 Qc5 20. Bxg7 Kxg7 21.
Qg5 Rh8 22. Qf6+ Kg8 23. Rf3 Qf8 24. h4 h6 25. d4 Rh7 26. Rd1 Rg7 27. Rg3 Qb4
28. h5 Kh7 29. hxg6+ fxg6 30. Rh3 h5 31. Rf3 Rcg8 32. Rdd3 Qe1+ 33. Kh2 Qe2 34.
a4 Qc2 35. Rc3 Qe4 36. Rf4 Qe1 37. Rh3 Qb4 38. g4 Rh8 39. gxh5 Kg8 40. Qd8+ Kh7
41. hxg6+ Kxg6 42. Qf6# 1-0

[Event "European Youth Chess Championship B10"]
[Site "Prague, Top Hotel Prague"]
[Date "2016.08.18"]
[Round "1.43"]
[White "Andreev, Konstantin"]
[Black "Palchuk, Andrii"]
[Result "0-1"]
[WhiteElo "1206"]
[BlackElo "1649"]
[PlyCount "62"]
[EventDate "2016.08.18"]

1. e4 c5 2. Nf3 d6 3. d4 cxd4 4. Nxd4 Nf6 5. Nc3 g6 6. Be3 Bg7 7. f3 O-O 8. Qd2
Nc6 9. Bc4 Nxd4 10. Bxd4 Be6 11. Bxe6 fxe6 12. e5 Ne8 13. exd6 exd6 14. Bxg7
Nxg7 15. O-O-O d5 16. Rhe1 Rb8 17. Nb5 a6 18. Nd4 Rf7 19. Re2 Qd7 20. Rde1 b5
21. Re5 b4 22. Qe3 Rb6 23. Nf5 Rc6 24. Nxg7 Kxg7 25. b3 d4 26. Qf4 Rc8 27. Qe4
d3 28. Kb2 Rxc2+ 29. Kb1 d2 30. Rh1 d1=Q+ 31. Rxd1 Qxd1# 0-1